000 00527nam a22001937a 4500
003 BD-DhUL
005 20190211161926.0
008 190211s1966 pk ||||| |||| 000 0 urd d
040 _aBD-DhUL
_cBD-DhUL
082 _a891.433
_bTUJ
100 0 _aترگینف۔
245 1 _aجھونکے بہارکے /
_cترگینف۔
246 _aZhunkey Baharkey.
260 _bاشاعت گھر،
_c۱۹۶۶۔
300 _aص. ۴۷۴ ؛
_c۲۱ سم
650 4 _aUrdu fiction.
700 2 _aعظیم، انور
942 _2ddc
_cBK
999 _c246174
_d246174